<?xml version="1.0" encoding="UTF-8"?>
<collection xmlns="http://www.loc.gov/MARC21/slim">
 <record>
  <leader>01064nam a22002057a 4500</leader>
  <controlfield tag="001">NCT_82512</controlfield>
  <controlfield tag="008">200723b        xxu||||| |||| 00| 0 vie d</controlfield>
  <datafield tag="999" ind1=" " ind2=" ">
   <subfield code="c">4060</subfield>
   <subfield code="d">4060</subfield>
  </datafield>
  <datafield tag="020" ind1=" " ind2=" ">
   <subfield code="a">9812382399</subfield>
  </datafield>
  <datafield tag="082" ind1="0" ind2="4">
   <subfield code="2">23rd ed.</subfield>
   <subfield code="a">539.72</subfield>
   <subfield code="b">H196</subfield>
  </datafield>
  <datafield tag="100" ind1="1" ind2=" ">
   <subfield code="a">Halsey,Thomas</subfield>
  </datafield>
  <datafield tag="245" ind1="1" ind2="0">
   <subfield code="a">Challenges in granular physics</subfield>
   <subfield code="c">Thomas Halsey</subfield>
  </datafield>
  <datafield tag="260" ind1=" " ind2=" ">
   <subfield code="a">New Jersey</subfield>
   <subfield code="b">World Scientific </subfield>
   <subfield code="c">2003</subfield>
  </datafield>
  <datafield tag="300" ind1=" " ind2=" ">
   <subfield code="a"> 256 p.</subfield>
   <subfield code="b">ill.</subfield>
   <subfield code="c">25cm</subfield>
  </datafield>
  <datafield tag="520" ind1="3" ind2=" ">
   <subfield code="a">This book contains accounts of modern approaches to the physics of particulate matter, from a broad group of interdisciplinary and international experts in the field. It will serve as an invaluable handbook for all researchers, both novices and experienced people, who want to be quickly guided to open-ended questions in key aspects of the field. challenge and this topic.</subfield>
  </datafield>
  <datafield tag="653" ind1=" " ind2=" ">
   <subfield code="a">Cơ Bản</subfield>
  </datafield>
  <datafield tag="700" ind1="1" ind2=" ">
   <subfield code="a">Mehta, Anita </subfield>
  </datafield>
  <datafield tag="942" ind1=" " ind2=" ">
   <subfield code="2">ddc</subfield>
   <subfield code="c">BK</subfield>
  </datafield>
  <datafield tag="952" ind1=" " ind2=" ">
   <subfield code="0">0</subfield>
   <subfield code="1">0</subfield>
   <subfield code="2">ddc</subfield>
   <subfield code="4">0</subfield>
   <subfield code="6">539_720000000000000_H196</subfield>
   <subfield code="7">0</subfield>
   <subfield code="9">19972</subfield>
   <subfield code="a">000001</subfield>
   <subfield code="b">000001</subfield>
   <subfield code="d">2020-07-23</subfield>
   <subfield code="o">539.72 H196</subfield>
   <subfield code="p">MD.17450</subfield>
   <subfield code="r">2020-07-23</subfield>
   <subfield code="w">2020-07-23</subfield>
   <subfield code="y">BK</subfield>
  </datafield>
  <datafield tag="980" ind1=" " ind2=" ">
   <subfield code="a">Thư viện Trường Đại học Nam Cần Thơ</subfield>
  </datafield>
 </record>
</collection>
